01788nlm0 22002171i 450 001001300000006001900013007001500032008004100047020001800088040000800106100004900114245019500163260001200358260003000370300001100400520079400411856009301205856009601298856009601394856008001490HARMA 220797m g0 d cr mn ---auama260430c go d fre  a9782336599137 bfre0 aGilles Badet, Mathieu Disant, Abdoulaye Soma aContentieux constitutionnel et électoral - Tome 2 Analyse de plus de trente ans de pratique au Bénin et en AfriquebTome 2 Analyse de plus de trente ans de pratique au Bénin et en Afrique -  aParis : bEditions L'Harmattan a404 p. aL’analyse de la mise en œuvre, depuis une trentaine d’années, par les juridictions constitutionnelles africaines des attributions et procédures consacrées permet de confirmer, sur fond d’effectivité et parfois loin de tout mimétisme, la contribution de ces juridictions, notamment, à la construction de la démocratie et de l’État de droit, à la protection des droits fondamentaux, à la régulation du fonctionnement des institutions, à la validation des élections politiques nationales et à l’alternance démocratique.<br>Les fragilités des juridictions constitutionnelles, ainsi que les défis qu’elles doivent encore relever dans le contexte africain, font également l’objet d’analyses approfondies et d’un examen conséquent.40uhttps://www.editions-harmattan.fr/catalogue/couv/9782336599137r.jpg2Image de couverture40uhttps://www.harmatheque.com/downloadebook/97823365991372Télécharger le livre au format PDF40uhttps://www.harmatheque.com/downloadepub/97823365991372Télécharger le livre au format epub40uhttps://www.harmatheque.com/readebook/97823365991372Lire ce livre en ligne